[Event "20. Torneo San Viator 2013"]
[Site "Madrid ESP"]
[Date "2013.06.09"]
[Round "9.17"]
[White "Robles, Bryan"]
[Black "Gutierrez Diaz, Pablo"]
[Result "1/2-1/2"]
[WhiteElo "1708"]
[BlackElo "1641"]
[PlyCount "101"]
[EventDate "2013.04.07"]
[EventType "swiss"]
[EventRounds "9"]
[EventCountry "ESP"]
[Source "lmi"]
[SourceDate "2013.04.07"]

1. d4 d5 2. Nf3 Nf6 3. c4 e6 4. g3 Be7 5. Bg2 O-O 6. O-O Nbd7 7. Qc2 c5 8. cxd5
exd5 9. dxc5 Nxc5 10. Bg5 Nce4 11. Nc3 Nxg5 12. Nxg5 h6 13. Nf3 Be6 14. Rfd1
Qa5 15. Nd4 Rac8 16. Qd3 Rfd8 17. h3 Bb4 18. Nb3 Qc7 19. Rac1 Qd7 20. Kh2 Bxc3
21. Rxc3 Rxc3 22. Qxc3 Rc8 23. Qd2 Qa4 24. Rc1 Rxc1 25. Nxc1 Ne4 26. Qf4 Qd4
27. Nd3 Qf6 28. Bxe4 Qxf4 29. Nxf4 dxe4 30. Nxe6 fxe6 31. g4 Kf7 32. Kg3 g5 33.
f4 Kf6 34. fxg5+ hxg5 35. h4 gxh4+ 36. Kxh4 Kg6 37. g5 e3 38. Kg4 b6 39. Kf4
Kh5 40. Kxe3 Kxg5 41. Kd4 Kf4 42. e3+ Kf5 43. e4+ Kf4 44. a3 a6 45. b3 a5 46.
b4 axb4 47. axb4 e5+ 48. Kd5 b5 49. Kc6 Kxe4 50. Kxb5 Kd5 51. Ka6 1/2-1/2

[Event "20. Torneo San Viator 2013"]
[Site "Madrid ESP"]
[Date "2013.06.09"]
[Round "9.20"]
[White "Garcia Carcedo, Jesus"]
[Black "Jaumandreu Llopis, Antonio"]
[Result "1/2-1/2"]
[WhiteElo "1808"]
[BlackElo "1590"]
[PlyCount "56"]
[EventDate "2013.04.07"]
[EventType "swiss"]
[EventRounds "9"]
[EventCountry "ESP"]
[Source "lmi"]
[SourceDate "2013.04.07"]

1. d4 c5 2. c3 cxd4 3. cxd4 d5 4. Nf3 Nf6 5. Bf4 Nc6 6. e3 a6 7. h3 e6 8. Be2
Qb6 9. b3 Bb4+ 10. Nbd2 Bd7 11. O-O O-O 12. a3 Be7 13. b4 Na7 14. Rc1 Rac8 15.
Qb3 Bb5 16. Bxb5 Nxb5 17. Ne5 h6 18. g4 Rfd8 19. Nd3 Bd6 20. Bg3 Bxg3 21. fxg3
Nd6 22. Nc5 Qa7 23. Qd3 b6 24. Ncb3 Qb7 25. a4 Rxc1 26. Rxc1 Rc8 27. Rxc8+ Qxc8
28. Kg2 Nfe4 1/2-1/2

[Event "20. Torneo San Viator 2013"]
[Site "Madrid ESP"]
[Date "2013.06.09"]
[Round "9.21"]
[White "Mateos Cordero, Francisco"]
[Black "Tolosana Esteban, Enrique"]
[Result "1-0"]
[WhiteElo "1556"]
[BlackElo "1754"]
[PlyCount "69"]
[EventDate "2013.04.07"]
[EventType "swiss"]
[EventRounds "9"]
[EventCountry "ESP"]
[Source "lmi"]
[SourceDate "2013.04.07"]

1. d4 Nf6 2. c4 e6 3. Nf3 b6 4. g3 Bb7 5. Bg2 Bb4+ 6. Bd2 Be7 7. O-O O-O 8. Nc3
Na6 9. a3 c5 10. e3 Ne4 11. Ne2 Bf6 12. Qc2 cxd4 13. exd4 Rc8 14. Bf4 d5 15.
Ne5 Nd6 16. b3 dxc4 17. Bxb7 cxb3 18. Qd3 Nxb7 19. Qxa6 Na5 20. Bd2 Bxe5 21.
Bxa5 Bxd4 22. Nxd4 Qxd4 23. Bb4 Rfd8 24. Be7 b2 25. Rab1 Re8 26. Bg5 Rc2 27.
Be3 Qd7 28. a4 f5 29. a5 e5 30. axb6 axb6 31. Qxb6 Rc6 32. Qxb2 f4 33. Qb3+ Kh8
34. Bc1 e4 35. Bxf4 1-0

[Event "20. Torneo San Viator 2013"]
[Site "Madrid ESP"]
[Date "2013.06.09"]
[Round "9.22"]
[White "Cazorla Munoz, Francisco"]
[Black "Cabeza Hernandez, Guillermo"]
[Result "1-0"]
[WhiteElo "1735"]
[BlackElo "1549"]
[PlyCount "111"]
[EventDate "2013.04.07"]
[EventType "swiss"]
[EventRounds "9"]
[EventCountry "ESP"]
[Source "lmi"]
[SourceDate "2013.04.07"]

1. e4 e5 2. Nf3 d6 3. Bc4 Be7 4. d4 exd4 5. Nxd4 Nf6 6. Nc3 O-O 7. Be3 c6 8.
Qd3 b5 9. Bb3 Ba6 10. Nde2 c5 11. Nxb5 Qa5+ 12. Nec3 Nc6 13. O-O Ne5 14. Qe2
Nxe4 15. Bd5 Nxc3 16. bxc3 Bxb5 17. c4 Bc6 18. f4 Bxd5 19. cxd5 Ng6 20. c4 Rab8
21. Qc2 Rb7 22. Bd2 Qa3 23. Rf3 Qa6 24. Qe4 Bf6 25. Bc3 Bxc3 26. Rxc3 Qa5 27.
Rc2 Re7 28. Qf3 Re1+ 29. Rxe1 Qxe1+ 30. Qf1 Qxf1+ 31. Kxf1 Nxf4 32. Rb2 g5 33.
Rb7 Re8 34. Rxa7 Re2 35. g3 Rxh2 36. gxf4 gxf4 37. Ra6 Rc2 38. Rxd6 Kf8 39. Rc6
Rxc4 40. d6 Ke8 41. Rc7 Rc1+ 42. Ke2 Rc2+ 43. Kf3 Rxa2 44. Kxf4 Ra4+ 45. Ke5 c4
46. Kf6 h5 47. Rxf7 Kd8 48. Ke6 Kc8 49. Rf8+ Kb7 50. d7 Ra6+ 51. Ke7 Kc6 52.
d8=Q Ra7+ 53. Ke6 c3 54. Qd5+ Kb6 55. Rb8+ Kc7 56. Qd6# 1-0

[Event "20. Torneo San Viator 2013"]
[Site "Madrid ESP"]
[Date "2013.06.09"]
[Round "9.23"]
[White "Enriquez Pastor, Jorge"]
[Black "Moreno Zamora, Gregorio"]
[Result "0-1"]
[WhiteElo "1398"]
[BlackElo "1725"]
[PlyCount "98"]
[EventDate "2013.04.07"]
[EventType "swiss"]
[EventRounds "9"]
[EventCountry "ESP"]
[Source "lmi"]
[SourceDate "2013.04.07"]

1. e4 c6 2. d4 d5 3. e5 c5 4. c3 Nc6 5. Nf3 Bg4 6. Be2 e6 7. O-O Qb6 8. Re1
Bxf3 9. Bxf3 cxd4 10. Qa4 Nge7 11. cxd4 Qxd4 12. Qxd4 Nxd4 13. Bd1 Ng6 14. Ba4+
Nc6 15. f4 Bb4 16. Re2 O-O 17. Be3 Nge7 18. a3 Ba5 19. b4 Bb6 20. Bxb6 axb6 21.
Bxc6 Nxc6 22. Rb2 Rfc8 23. Nd2 Nd4 24. Rba2 Ne2+ 25. Kf2 Nxf4 26. Nf3 f6 27.
exf6 gxf6 28. g3 Nd3+ 29. Ke3 Ne5 30. Nd4 Kf7 31. Nb5 Nc4+ 32. Kd3 Ke7 33. g4
Ne5+ 34. Kd2 Nc4+ 35. Kd3 Nd6 36. Nxd6 Kxd6 37. Rf1 Rf8 38. g5 fxg5 39. Rxf8
Rxf8 40. Ke3 Rf4 41. Rb2 e5 42. a4 d4+ 43. Ke2 e4 44. a5 Rh4 45. Kf1 d3 46. Rd2
Kd5 47. Rf2 Rf4 48. Kg2 Rxf2+ 49. Kxf2 Kc4 0-1

[Event "20. Torneo San Viator 2013"]
[Site "Madrid ESP"]
[Date "2013.06.09"]
[Round "9.24"]
[White "Guillo Longares, Cecilia"]
[Black "Moratalla Garcia, Joaquin"]
[Result "1/2-1/2"]
[WhiteElo "1397"]
[BlackElo "1683"]
[PlyCount "65"]
[EventDate "2013.04.07"]
[EventType "swiss"]
[EventRounds "9"]
[EventCountry "ESP"]
[Source "lmi"]
[SourceDate "2013.04.07"]

1. c4 e5 2. Nc3 Nf6 3. g3 Bc5 4. Bg2 c6 5. d3 O-O 6. Nf3 d6 7. O-O h6 8. Rb1
Be6 9. b4 Bb6 10. Bd2 Nbd7 11. Ne1 Rb8 12. Nc2 a6 13. Ne3 Ng4 14. Qc1 Nxe3 15.
Bxe3 Nf6 16. Bxb6 Qxb6 17. Ne4 Nxe4 18. Bxe4 d5 19. cxd5 cxd5 20. Bf3 Rfc8 21.
Qb2 Qd6 22. Rfc1 b6 23. Rc2 Rxc2 24. Qxc2 Rc8 25. Qd2 Qc7 26. a3 Qc2 27. Rd1
Qxd2 28. Rxd2 Bh3 29. Rd1 d4 30. e3 dxe3 31. fxe3 Rc2 32. d4 exd4 33. Rxd4
1/2-1/2

[Event "20. Torneo San Viator 2013"]
[Site "Madrid ESP"]
[Date "2013.06.09"]
[Round "9.25"]
[White "Ramos Pinto, Jose Maria"]
[Black "Perez Perez, Marta"]
[Result "1-0"]
[WhiteElo "1642"]
[BlackElo "1378"]
[PlyCount "85"]
[EventDate "2013.04.07"]
[EventType "swiss"]
[EventRounds "9"]
[EventCountry "ESP"]
[Source "lmi"]
[SourceDate "2013.04.07"]

1. d4 d5 2. Bf4 Nf6 3. e3 Bf5 4. Nf3 c6 5. Ne5 Nbd7 6. Nd3 e6 7. Be2 Be7 8. c3
Nf8 9. h3 Ng6 10. Nd2 Nxf4 11. Nxf4 h6 12. g4 Be4 13. Nxe4 Nxe4 14. Ng2 Bh4 15.
Rf1 Qf6 16. Bf3 h5 17. gxh5 g6 18. hxg6 Qxg6 19. Nf4 Qf5 20. Bg4 Qf6 21. Qe2
O-O-O 22. O-O-O Qe7 23. Qf3 Qc7 24. Bxe6+ Kb8 25. Bg4 Qa5 26. Kb1 Be7 27. Ne2
Rhf8 28. Bf5 Nf6 29. Ng3 Qb5 30. Bd3 Qb6 31. Ka1 Ne8 32. Nf5 Bf6 33. Rg1 Nd6
34. Qf4 c5 35. Nxd6 Rxd6 36. Qh6 Rh8 37. Qf4 Rxh3 38. Rg8+ Kc7 39. Rf8 Rh4 40.
Rxf7+ Kc8 41. Bf5+ Kd8 42. Qg3 cxd4 43. Qg8# 1-0

[Event "20. Torneo San Viator 2013"]
[Site "Madrid ESP"]
[Date "2013.06.09"]
[Round "9.27"]
[White "Casado Salvo, Jose Maria"]
[Black "Rottenwoerer, Christoph"]
[Result "0-1"]
[WhiteElo "1758"]
[BlackElo "1615"]
[PlyCount "126"]
[EventDate "2013.04.07"]
[EventType "swiss"]
[EventRounds "9"]
[EventCountry "ESP"]
[Source "lmi"]
[SourceDate "2013.04.07"]

1. f4 c5 2. e3 Nf6 3. Nf3 Nc6 4. b3 g6 5. Bb2 Bg7 6. Bd3 O-O 7. O-O d5 8. c3
Bg4 9. Be2 Qc7 10. d4 cxd4 11. cxd4 Bxf3 12. Bxf3 e6 13. Nc3 Rfd8 14. Qd2 Qa5
15. Rfd1 Rac8 16. a3 Nd7 17. b4 Qc7 18. Nb5 Qb8 19. Rdc1 Nb6 20. Be2 a6 21. Nc3
Rc7 22. Rc2 Rdc8 23. Rac1 Ne7 24. g4 Rd8 25. b5 a5 26. a4 Nc4 27. Bxc4 Rxc4 28.
Ba3 Nc8 29. Ra1 b6 30. Bb2 Bf8 31. Nd1 Bb4 32. Qe2 Nd6 33. Nf2 Rdc8 34. Rxc4
dxc4 35. Rc1 c3 36. Ba1 Qc7 37. Nd3 Qc4 38. Kf1 Ne4 39. Ne5 Qxe2+ 40. Kxe2 Nd2
41. Nc6 Nb3 42. Ne7+ Kf8 43. Nxc8 Nxc1+ 44. Kd1 Nb3 45. Bxc3 Bxc3 46. Nxb6 Nd2
47. Kc2 Ne4 48. Nd7+ Ke7 49. Nc5 Nxc5 50. dxc5 Bb4 51. c6 Kd6 52. Kd3 Bc5 53.
e4 Bb6 54. Kc4 f6 55. h3 h5 56. g5 fxg5 57. e5+ Kc7 58. fxg5 Be3 59. Kd3 Bxg5
60. Ke4 Be7 61. Kf4 Kb6 62. Ke4 g5 63. Kd3 Bd8 0-1

[Event "20. Torneo San Viator 2013"]
[Site "Madrid ESP"]
[Date "2013.06.09"]
[Round "9.29"]
[White "Moreno Sanchez, Guillermo"]
[Black "Garcia Rojas, Juan Carlos"]
[Result "0-1"]
[WhiteElo "1664"]
[BlackElo "1548"]
[PlyCount "74"]
[EventDate "2013.04.07"]
[EventType "swiss"]
[EventRounds "9"]
[EventCountry "ESP"]
[Source "lmi"]
[SourceDate "2013.04.07"]

1. d4 d5 2. c4 c6 3. Nc3 e6 4. Nf3 Be7 5. cxd5 cxd5 6. Bf4 Nc6 7. e3 Nf6 8. Bb5
Bd7 9. O-O O-O 10. a3 Rc8 11. Bd3 a6 12. Qc2 g6 13. h3 Nh5 14. Bh6 Re8 15. Qd2
Na5 16. Qe2 Bf6 17. e4 dxe4 18. Nxe4 Be7 19. g4 Nf6 20. Ng3 Nd5 21. g5 Nc6 22.
Qd2 Bd6 23. Ne4 Bc7 24. Bc4 Nce7 25. Bxd5 Nxd5 26. Rac1 Bc6 27. Ne5 Bxe5 28.
dxe5 Rc7 29. Rfd1 Rd7 30. Nd6 Ree7 31. Qd4 Qb6 32. Qg4 Qxb2 33. Re1 Qxa3 34.
Rcd1 Nb6 35. Re3 Qa4 36. Rd4 Qc2 37. Re2 Qc1+ 0-1

[Event "20. Torneo San Viator 2013"]
[Site "Madrid ESP"]
[Date "2013.06.09"]
[Round "9.32"]
[White "Garcia Lopez, Fernando"]
[Black "Jimenez Perez, Federico"]
[Result "1-0"]
[WhiteElo "1653"]
[BlackElo "1323"]
[PlyCount "91"]
[EventDate "2013.04.07"]
[EventType "swiss"]
[EventRounds "9"]
[EventCountry "ESP"]
[Source "lmi"]
[SourceDate "2013.04.07"]

1. e4 c5 2. Nf3 d6 3. d4 cxd4 4. Nxd4 Nf6 5. Nc3 g6 6. Be3 Bg7 7. f3 O-O 8. Qd2
Bd7 9. O-O-O Nc6 10. g4 Rc8 11. h4 h5 12. g5 Ne8 13. f4 e5 14. Nxc6 Bxc6 15. f5
a6 16. f6 Bh8 17. Kb1 b5 18. Nd5 Bxd5 19. Qxd5 Qc7 20. Rd2 b4 21. Bxa6 Rb8 22.
Bc4 Rd8 23. Bb3 Qd7 24. Bc5 Qb5 25. Qc4 Qc6 26. Bxb4 Qb7 27. Ba3 Rc8 28. Qd5
Qb6 29. Qd3 Nc7 30. Qxd6 Qxd6 31. Rxd6 Nb5 32. Ra6 Nxa3+ 33. Rxa3 Rfd8 34. Ra7
Rd6 35. Bxf7+ Kf8 36. Bd5 Rcd8 37. Rf7+ Ke8 38. Re7+ Kf8 39. Rxe5 R8d7 40. c4
Rd8 41. Rf1 Re8 42. Rxe8+ Kxe8 43. e5 Rb6 44. b3 Rb8 45. e6 Rd8 46. Bc6+ 1-0

[Event "20. Torneo San Viator 2013"]
[Site "Madrid ESP"]
[Date "2013.06.09"]
[Round "9.33"]
[White "Rendo Quindos, Pedro"]
[Black "Del Noval Nemeshazi, Nesztor"]
[Result "0-1"]
[WhiteElo "1606"]
[BlackElo "1299"]
[PlyCount "126"]
[EventDate "2013.04.07"]
[EventType "swiss"]
[EventRounds "9"]
[EventCountry "ESP"]
[Source "lmi"]
[SourceDate "2013.04.07"]

1. e4 c5 2. b3 Nc6 3. Bb2 d6 4. Bb5 Bd7 5. Nf3 e6 6. O-O Nf6 7. d3 Be7 8. Nbd2
O-O 9. Re1 a6 10. Bxc6 Bxc6 11. h3 Qc7 12. e5 Nd7 13. exd6 Bxd6 14. Qe2 b6 15.
Nc4 Bxf3 16. Qxf3 Be7 17. a4 Bf6 18. Bxf6 Nxf6 19. Ne3 Rad8 20. Rad1 Nd5 21.
Nxd5 Rxd5 22. Qe4 Rfd8 23. g4 g6 24. Kg2 h5 25. f4 hxg4 26. hxg4 Rd4 27. Qe5
Qxe5 28. fxe5 Rxg4+ 29. Kf3 Rg5 30. c3 Rh5 31. Kg3 Rd5 32. d4 cxd4 33. cxd4 b5
34. Re3 Kg7 35. Rc3 Rhxe5 36. dxe5 Rxd1 37. axb5 axb5 38. Rc5 Rd5 39. b4 Kf8
40. Kf4 Rd4+ 41. Kg5 Rxb4 42. Kf6 Rf4+ 43. Kg5 Rf5+ 44. Kg4 Kg7 45. Rxb5 g5 46.
Ra5 Kg6 47. Rc5 Rf4+ 48. Kg3 Kf5 49. Rc8 Kxe5 50. Rg8 f6 51. Rg7 g4 52. Rg8 Kf5
53. Re8 Rf3+ 54. Kg2 e5 55. Rf8 Ke4 56. Rg8 f5 57. Ra8 Kf4 58. Rg8 g3 59. Rh8
Rf2+ 60. Kg1 Kf3 61. Ra8 e4 62. Ra3+ Kf4 63. Ra4 Kf3 0-1

[Event "20. Torneo San Viator 2013"]
[Site "Madrid ESP"]
[Date "2013.06.09"]
[Round "9.34"]
[White "Centeno Mateos, Domingo"]
[Black "Lopez Benitez, David"]
[Result "0-1"]
[WhiteElo "1557"]
[BlackElo "1746"]
[PlyCount "46"]
[EventDate "2013.04.07"]
[EventType "swiss"]
[EventRounds "9"]
[EventCountry "ESP"]
[Source "lmi"]
[SourceDate "2013.04.07"]

1. e4 d6 2. Nc3 g6 3. d4 Nf6 4. Be2 Bg7 5. Be3 O-O 6. Nf3 Nbd7 7. O-O e5 8. Qd2
Ng4 9. Rad1 Nxe3 10. Qxe3 f5 11. Bc4+ Kh8 12. exf5 Rxf5 13. Rfe1 c6 14. dxe5
Nxe5 15. Nxe5 Bxe5 16. Bd3 Rh5 17. Be2 Bxh2+ 18. Kf1 Bf4 19. Qd4+ Be5 20. Bxh5
Bxd4 21. Rxd4 gxh5 22. Rde4 Bf5 23. Re8+ Qxe8 0-1

[Event "20. Torneo San Viator 2013"]
[Site "Madrid ESP"]
[Date "2013.06.09"]
[Round "9.41"]
[White "Torrecillas Adan, Luis"]
[Black "Vicioso Barbadillo, Juan J"]
[Result "1-0"]
[WhiteElo "1788"]
[BlackElo "1487"]
[PlyCount "105"]
[EventDate "2013.04.07"]
[EventType "swiss"]
[EventRounds "9"]
[EventCountry "ESP"]
[Source "lmi"]
[SourceDate "2013.04.07"]

1. e4 e6 2. Nf3 Nc6 3. Bb5 Bd6 4. Bxc6 dxc6 5. O-O Ne7 6. d4 O-O 7. e5 Bb4 8.
c3 Ba5 9. Ng5 h6 10. Ne4 b5 11. Qg4 Nf5 12. b3 Qh4 13. Qxh4 Nxh4 14. b4 Bb6 15.
Be3 Nf5 16. Re1 Bb7 17. Na3 Nxe3 18. Rxe3 a5 19. Nc2 axb4 20. Nxb4 Ba5 21. f3
Bxb4 22. cxb4 Rfd8 23. Nc5 Rab8 24. Rd3 Rd5 25. g4 Kh7 26. Kg2 g5 27. Kg3 Kg6
28. Rc1 Rdd8 29. Nxb7 Rxb7 30. Rxc6 Ra7 31. a3 Rda8 32. Rcc3 Rc8 33. f4 c6 34.
Kf3 Rac7 35. Ke4 f5+ 36. exf6 Kxf6 37. Rc5 Rg8 38. Rdc3 gxf4 39. Kxf4 Rh8 40.
Rxc6 Rxc6 41. Rxc6 Rd8 42. Ke4 Re8 43. Rb6 Kg5 44. Rxb5+ Kxg4 45. a4 h5 46. Rc5
h4 47. a5 Kh3 48. Rc2 Ra8 49. Ke5 Re8 50. a6 Kg4 51. a7 h3 52. Ra2 Ra8 53. b5
1-0

[Event "20. Torneo San Viator 2013"]
[Site "Madrid ESP"]
[Date "2013.06.09"]
[Round "9.44"]
[White "Olias Ruiz, Enrique"]
[Black "Trapero Bueno, Vicente"]
[Result "1-0"]
[WhiteElo "1398"]
[BlackElo "1330"]
[PlyCount "75"]
[EventDate "2013.04.07"]
[EventType "swiss"]
[EventRounds "9"]
[EventCountry "ESP"]
[Source "lmi"]
[SourceDate "2013.04.07"]

1. e4 c5 2. Nc3 d6 3. Bb5+ Bd7 4. d3 Bxb5 5. Nxb5 a6 6. Nc3 Nf6 7. Nf3 e6 8.
O-O Be7 9. Bf4 Nh5 10. Qd2 Nxf4 11. Qxf4 O-O 12. e5 f6 13. Qg4 fxe5 14. Qxe6+
Kh8 15. Nd5 Re8 16. Qf7 Nd7 17. Rfe1 Nf6 18. Re4 Nxd5 19. Qxd5 b5 20. Rg4 Qd7
21. h3 Bf6 22. Re1 Qe6 23. Qc6 Be7 24. b3 Bf8 25. Ng5 Qf6 26. Qb7 Kg8 27. Re3
h6 28. Rf3 Qe7 29. Qd5+ Kh8 30. Rf7 Qd8 31. Ne6 Qa5 32. Nxg7 Qe1+ 33. Kh2 e4
34. Qh5 exd3 35. Qxh6+ Kg8 36. Rf5 Re7 37. Ne6+ Bg7 38. Rxg7+ 1-0